| 000 | 00469nam a22001577a 4500 | ||
|---|---|---|---|
| 005 | 20230904173721.0 | ||
| 008 | 230818b |||||||| |||| 00| 0 eng d | ||
| 020 | _a97815-43345-24-7 | ||
| 082 | _aR/610.724/DUB/DB1140 | ||
| 100 |
_aDudhe Akshay _aDharmadhikari Snehal _9204576 |
||
| 245 | _aIntroduction to Nursing Research and Statistics | ||
| 260 |
_aJalandhar _bS.Vikas and Company (Medical Publisher) _c2021 |
||
| 300 | _a126p | ||
| 365 | _b255.00 | ||
| 942 | _cDB | ||
| 999 |
_c355828 _d355828 |
||